Statistics for Top 50 Girl Names in England and Wales in 1700

Click here to take the quiz!

General Stats

  • This quiz has been taken 62 times
  • The average score is 22 of 50

Answer Stats

% Correct
1MMary
100%
3AAnn
92%
37EEliza
92%
2EElizabeth
92%
5JJane
80%
4SSarah
76%
40EEmma
71%
7SSusan
67%
18JJoan
65%
6MMargaret
65%
22MMaria
65%
9HHannah
61%
10CCatherine
59%
41CCharlotte
59%
48CCaroline
57%
19RRachel
57%
24RRuth
53%
11AAlice
51%
14DDorothy
51%
16IIsabel
51%
15RRebecca
51%
17GGrace
49%
8MMartha
49%
36LLucy
47%
33BBarbara
45%
48SSophia
45%
13EEleanor
43%
29AAmy
41%
12FFrances
39%
37BBetty
35%
44MAMary-Ann
35%
21EEllen
31%
35FFanny
31%
44HHarriet
31%
27JJoanna
31%
27EEsther
27%
37NNancy
27%
25DDeborah
25%
29PPhoebe
25%
20AAgnes
24%
25JJudith
24%
23LLydia
20%
42SSally
18%
29MMarjorie
14%
33BBridget
10%
44JJemima
10%
32JJenny
10%
48PPeggy
8%
42DDinah
6%
44KKitty
6%

Score Distribution

Percentile by Number Answered

Percent of People with Each Score

Your Score History

You have not taken this quiz